Loading...
| Science - Biology | 0 | 8 | 1 | 1 | 75 | 38 | 78.63 | 5 | 8 | 0.00 | 0.00 |
| History - American | 0 | 8 | 3 | 0 | 65 | 74 | 97.13 | 1 | 6 | 0.00 | 0.00 |
| Literature - European | 0 | 7 | 1 | 0 | 65 | 16 | 65.14 | 3 | 7 | 0.00 | 0.00 |
| History - World | 0 | 7 | 1 | 3 | 65 | 51 | 91.29 | 1 | 4 | 0.00 | 0.00 |
| Social Science | 0 | 6 | 0 | 3 | 60 | 73 | 99.83 | 2 | 4 | 0.00 | 0.00 |
| Literature - American | 0 | 6 | 1 | 0 | 55 | 66 | 84.17 | 4 | 5 | 0.00 | 0.00 |
| Science - Chemistry | 0 | 6 | 2 | 0 | 50 | 43 | 65.33 | 4 | 6 | 0.00 | 0.00 |
| Fine Arts - Other | 0 | 5 | 0 | 2 | 50 | 35 | 101.80 | 1 | 2 | 0.00 | 0.00 |
| Literature - World | 0 | 6 | 2 | 0 | 50 | 19 | 69.33 | 5 | 5 | 0.00 | 0.00 |
| Science - Other | 0 | 5 | 0 | 1 | 50 | 33 | 56.60 | 3 | 4 | 0.00 | 0.00 |
| Literature - British | 0 | 6 | 3 | 0 | 45 | 26 | 78.00 | 3 | 6 | 0.00 | 0.00 |
| Fine Arts - Classical Music | 0 | 5 | 1 | 0 | 45 | 28 | 57.80 | 4 | 5 | 0.00 | 0.00 |
| Religion | 0 | 5 | 2 | 0 | 40 | 49 | 69.80 | 4 | 5 | 0.00 | 0.00 |
| Fine Arts - Painting and Sculpture | 0 | 4 | 0 | 0 | 40 | 64 | 85.50 | 1 | 4 | 0.00 | 0.00 |
| Philosophy | 0 | 5 | 2 | 1 | 40 | 35 | 72.20 | 2 | 4 | 0.00 | 0.00 |
| History - Other | 0 | 3 | 0 | 0 | 30 | 85 | 102.33 | 0 | 2 | 0.00 | 0.00 |
| Mythology | 0 | 3 | 1 | 0 | 25 | 68 | 92.33 | 1 | 2 | 0.00 | 0.00 |
| History - European | 0 | 2 | 0 | 0 | 20 | 12 | 31.50 | 2 | 2 | 0.00 | 0.00 |
| Other Academic | 0 | 2 | 0 | 1 | 20 | 45 | 90.50 | 1 | 1 | 0.00 | 0.00 |
| Current Events | 0 | 2 | 1 | 0 | 15 | 79 | 87.00 | 1 | 1 | 0.00 | 0.00 |
| Geography | 0 | 2 | 1 | 2 | 15 | 98 | 112.00 | 0 | 0 | 0.00 | 0.00 |
| Science - Physics | 0 | 2 | 1 | 0 | 15 | 73 | 83.00 | 0 | 2 | 0.00 | 0.00 |
| Pop Culture | 0 | 1 | 0 | 0 | 10 | 69 | 69.00 | 0 | 1 | 0.00 | 0.00 |